Quiz Cultura Generale - Quiz n°7 - Statistics

Statistiche generali
  • Questo quiz è stato fatto 277 volte
  • Il punteggio medio è 6 su 15
Statistiche sulle risposte
Domanda Risposta % Corretto
Quanti gradi sessagesimali ci sono in un angolo giro? 360°
81%
Quale nobile casata governò il Ducato di Ferrara dal 1471 al 1598? Este
60%
Chi ha vinto il torneo singolare maschile dell'Australian Open nel 2023? Novak Đoković
58%
Quale animale uccide più esseri umani ogni anno? Zanzara
56%
Qual era il nome del gruppo musicale formato da Michael Jackson e i suoi fratelli? The Jackson 5
53%
Come erano chiamati i membri della casta militare del Giappone feudale? Samurai
52%
Chi era la madre di Maria Vergine, madre di Gesù Cristo? Sant'Anna
51%
Qual è la città più popolosa della Nuova Zelanda? Auckland
38%
In che anno il gruppo musicale francese "Daft Punk" si è sciolto? 2021
37%
Quale antico partito inglese si contrapponeva ai Whigs? Partito Tory
37%
Come è chiamata la massima serie professionistica del campionato olandese di calcio? Eredivisie
33%
Chi canta il brano "Il cielo d'Irlanda" del 1992? Fiorella Mannoia
30%
Come si chiama la tecnica di campionamento che consiste in prelievi di campioni di suolo o ghiaccio o roccia cilindrici a scopo di analisi? Carotaggio
19%
Chi interpreta Gregory House nella famosa serie statunitense Dr.House? Hugh Laurie
17%
Come è anche chiamata la lingua d'oc? Lingua occitana
12%
Nessun quiz corrispondente trovato
Distribuzione punteggi
Percentuale di utenti per punteggio
Percentile per numero di risposta
I tuoi punteggi nel tempo
Non hai fatto questo quiz